Aspects of labour welfare and social security / (Record no. 1424)

MARC details
000 -LEADER
fixed length control field 00702nam a2200217 a 4500
005 - DATE AND TIME OF LATEST TRANSACTION
control field 20260112063237.0
020 ## - INTERNATIONAL STANDARD BOOK NUMBER
International Standard Book Number 8183187626
039 ## - LEVEL OF BIBLIOGRAPHIC CONTROL AND CODING DETAIL [OBSOLETE]
Level of rules in bibliographic description 202110041008
Level of effort used to assign nonsubject heading access points staff
Level of effort used to assign subject headings 201302061719
Level of effort used to assign classification staff
Level of effort used to assign subject headings 201302061719
Level of effort used to assign classification staff
-- 200908062354
-- staff
050 ## - LIBRARY OF CONGRESS CALL NUMBER
Classification number 362.8
Item number SAR
082 ## - DEWEY DECIMAL CLASSIFICATION NUMBER
Classification number 362.8
Item number SAR [ Shelf 76]
100 ## - MAIN ENTRY--PERSONAL NAME
Personal name Sarma, A. M.
245 ## - TITLE STATEMENT
Title Aspects of labour welfare and social security /
Statement of responsibility, etc. A. M. Sarma.
250 ## - EDITION STATEMENT
Edition statement 10th ed.
260 ## - PUBLICATION, DISTRIBUTION, ETC.
Place of publication, distribution, etc. Mumbai :
Name of publisher, distributor, etc. Himalaya publishing house,
Date of publication, distribution, etc. 2008.
300 ## - PHYSICAL DESCRIPTION
Extent 284 p. ;
Dimensions 26 cm.
650 ## - SUBJECT ADDED ENTRY--TOPICAL TERM
Topical term or geographic name entry element Labour welfare.
650 ## - SUBJECT ADDED ENTRY--TOPICAL TERM
Topical term or geographic name entry element Social security.
991 ## -
-- VIRTUA40
991 ## -
-- VTLSSORT0080*0200*0500*0820*1000*2450*2500*2600*3000*6500*6501*9992
909 ## -
-- 1442
Holdings
Withdrawn status Lost status Damaged status Not for loan Home library Current library Date acquired Total checkouts Full call number Barcode Copy number Koha item type
        Indian Institute Of Management, Shillong Indian Institute Of Management, Shillong 06/08/2009   362.8 SAR [ Shelf 76] 0006705   Reference
Copyright © 2026 Indian Institute of Management Shillong. All Rights Reserved.